Datum a čas kvízu
8
Celkem bodů
Celkový počet nahraných bodů na tomto kvízu bez doplňovacích otázek.
9.
Pořadí na kvízu
Konečné umístění týmu na tomto kvízu.
Zaznamenané odpovědi
| # | Otázka | Odpověď | Body | Výsledky |
|---|---|---|---|---|
| 1. | Minulý týden byly vyhlášeny vý... | Pavel Pafko | 1 | |
| 2. | V sousedním Rakousku před něko... | Sebastian Kurz | 0 | |
| 3. | Známá australská skupina vydal... | Nick Cave | 0 | |
| 4. | Ve čtvrtek byla v Praze otevře... | Tesla | 0 | |
| 5. | Jistý evropský fotbalový svaz... | na Slovensku | 0 | |
| 6. | Napíšete-li název afghánské le... | Bagram | 0 | |
| 7. | Jak se jmenuje současný náčeln... | Aleš Opata | 0 | |
| 8. | Jak se nazývá město, u něhož s... | Čáslav | 1 | |
| 9. | Jednou z prvních zahraničních... | Kosovo | 1 | |
| 10. | Napište název tohoto víceúčelo... | Pandur | 1 |